Statistiken für Bundesligastadien am Stadionplan erkennen

Klicken Sie hier um das Quiz zu spielen!

Allgemein

  • Dieses Quiz wurde 131 mal gespielt
  • Das Durchschnittsergebnis liegt bei 7 aus 18

Antwortstatistiken

Antwort% Korrekt
Allianz-Arena
79%
Signal Iduna Park
56%
Weserstadion
51%
BayArena
49%
Red Bull Arena
49%
RheinEnergieStadion
46%
Deutsche Bank Park
38%
Borussia-Park
35%
Stadion An der Alten Försterei
35%
MHP Arena
31%
Volkswagen Arena
29%
Merck-Stadion am Böllenfalltor
28%
Europa-Park Stadion
25%
MEWA Arena
24%
WWK Arena
23%
PreZero Arena
19%
Vonovia Ruhrstadion
19%
Voith-Arena
18%

Verteilung der Resultate

Perzentil nach korrekt beantworteten Fragen

Anzahl Personen mit jedem Resultat

Ihre Resultats-Entwicklung

Sie haben dieses Quiz noch nicht gespielt